000 00881nam1a2200277 i 4500
001 RU\NLR\ONL1\14026
005 20241118134307.0
035 _a(NLR Aleph) 009642770
090 _a9553079
_c9553079
100 _a20090327d1933 c||y0rusy50 ca
101 0 _amyv
102 _aRU
105 _aa |||||||||
200 1 _aАрифметика
_eвасень школасо тонавтнима книга
_fН. С. Попова
210 _aМ.
_cУчпедгиз
_d1933
215 _d23
541 1 _aУчебник арифметики для начальной школы
_zrus
606 0 _aАрифметика
_91005829
_3RU\NLR\auth\6664428
686 1 _aВ10 я72
700 1 _aПопова
_bН. С.
_4070
801 0 _aRU
_bNLR
_c20090327
_gPSBO
852 _aNLR
_jМорд.э./3-315
852 _aNLR
_bОНЛ
942 _cBOOK